000 00678nam a2200241 a 4500
999 _c2090
_d2090
001 2090
003 BD-JhCC
005 20171030083423.0
008 171029s2004 bg |||| ||a| 000 0 ben d
020 _a9844018064
_cISL 2004
035 _a(BD-JhCC)2090
040 _aBD-JhCC
_dBD-JhCC
041 _aeng
082 _a923.1
_bISL 2004
100 _aইসলাম, নূরুল
245 _aশূন্য থেকে শ' /
_cনূরুল ইসলাম
260 _aঢাকা :
_bআগামী প্রকাশনী,
_c2004.
300 _a135 p. :
_c22 cm.
600 _aIslam, Nurul
650 _aAutobiography
942 _2ddc
_cBK